Old School Marvel Heroes - Statistics

General Stats
  • This quiz has been taken 21 times
  • The average score is 7 of 20
Answer Stats
Picture Hint Answer % Correct
1941 Captain America
100%
1939 Namor the Sub-Mariner
100%
1936* Ka-Zar the Great
62%
1946 Blonde Phantom
38%
1941 Blue Diamond
38%
1939 Mr. E
38%
1948 Kid Colt
31%
1940 Thin Man
31%
1941 Blazing Skull
23%
1942 Citizen V
23%
1940 Dynamic Man
23%
1940 Flexo the Rubber Man
23%
1941 Silver Scorpion
23%
1939 American Ace
15%
1941 Black Marvel
15%
1940 Fiery Mask
15%
1939 Masked Raider
15%
1939 Phantom Bullet
15%
1942 Secret Stamp
15%
1941 The Challenger
15%
No matching quizzes found
Score Distribution
Percent of People with Each Score
Percentile by Number Answered
Your Score History
You have not taken this quiz